Assessment of progressive collapse in multi-storey buildings (Record no. 79189)
[ view plain ]
| 000 -LEADER | |
|---|---|
| fixed length control field | 01133cab a22002295a 4500 |
| 001 - CONTROL NUMBER | |
| control field | L140091 |
| 008 - FIXED-LENGTH DATA ELEMENTS--GENERAL INFORMATION | |
| fixed length control field | 070904s2007 xxkd 000 0 eng d |
| 035 ## - SYSTEM CONTROL NUMBER | |
| System control number | (Sirsi) u140091 |
| 041 0# - LANGUAGE CODE | |
| Language code of text/sound track or separate title | eng |
| 100 1# - MAIN ENTRY--PERSONAL NAME | |
| Personal name | Izzuddin, B. A. |
| 245 00 - TITLE STATEMENT | |
| Title | Assessment of progressive collapse in multi-storey buildings |
| 260 ## - PUBLICATION, DISTRIBUTION, ETC. | |
| Date of publication, distribution, etc. | 2007 |
| 490 #0 - SERIES STATEMENT | |
| Series statement | Proceedings of the Institution of Civil Engineers |
| -- | Structures and Buildings |
| Volume/sequential designation | 160(4) 197-205(9) |
| 520 ## - SUMMARY, ETC. | |
| Summary, etc. | Proposes a simplified approach for progressive collapse assessment of multi-storey building structures subject to sudden column loss, which offers a quantitative framework for the consideration of such important issues as ductility, redundancy and energy absorption. The proposed approach can be directly applied in design practice, and it enables the quantification of structural robustness for sudden column loss scenarios. References. [Taken from journal abstract]. |
| 590 ## - LOCAL NOTE (RLIN) | |
| Local note | KA |
| 651 #4 - SUBJECT ADDED ENTRY--GEOGRAPHIC NAME | |
| Geographic name | United Kingdom |
| Chronological subdivision | |
| 690 ## - LOCAL SUBJECT ADDED ENTRY--TOPICAL TERM (OCLC, RLIN) | |
| Topical term or geographic name as entry element | BUILT ENVIRONMENT-CONSTRUCTION DESIGN |
| 700 1# - ADDED ENTRY--PERSONAL NAME | |
| Personal name | Vlassis, A. G. |
| 700 1# - ADDED ENTRY--PERSONAL NAME | |
| Personal name | Elghazouli, A. Y. |
| 700 1# - ADDED ENTRY--PERSONAL NAME | |
| Personal name | Nethercot, D. A. |
| 942 ## - ADDED ENTRY ELEMENTS (KOHA) | |
| Suppress in OPAC | 0 |
| Withdrawn status | Lost status | Source of classification or shelving scheme | Damaged status | Not for loan | Home library | Current library | Shelving location | Date acquired | Total Checkouts | Full call number | Barcode | Date last seen | Copy number | Price effective from | Koha item type |
|---|---|---|---|---|---|---|---|---|---|---|---|---|---|---|---|
| Dewey Decimal Classification | London | London | Journal article | 04/09/2007 | L140091 | 140091-1001 | 06/08/2019 | 1 | 06/08/2019 | Journal article |